| 000 | 01718nam a2200493 i 4500 | ||
|---|---|---|---|
| 001 | 15412 | ||
| 003 | KOSZ 005 | ||
| 005 | 20200629113027.0 | ||
| 008 | 200414s1968 pl a f f 000 0 pol | ||
| 015 | _aUWD 1968/10401 | ||
| 035 | _a991037302369705066 | ||
| 035 | _a(PL-WaBN)b20005817-48omnis_nlop | ||
| 035 | _ab20005817 | ||
| 035 | _a(OCoLC)838994817 | ||
| 035 | _a(PL)b0000002000581 | ||
| 035 | _a(EXLNZ-48OMNIS_NETWORK)9910388479205606 | ||
| 040 |
_aWA N _cWA N _dKOSZ 005/RW |
||
| 046 | _k1968 | ||
| 080 | _a621.3 | ||
| 080 | _a921.317 | ||
| 100 | 1 |
_aReluga, Jan _eAutor |
|
| 245 | 1 | 0 |
_aMetrologia przemysłowa : _bprzetworniki analogowo-cyfrowe, centralna rejestracja i obróbka danych pomiarowych / _cJan Reluga. |
| 260 |
_aWarszawa : _bWydawnictwa Politechniki Warszawskiej, _c1968. |
||
| 300 |
_a148 stron : _bilustracje ; _c24 cm. |
||
| 336 |
_aTekst _btxt _2rdacontent |
||
| 337 |
_aBez urządzenia pośredniczącego _bn _2rdamedia |
||
| 338 |
_aWolumin _bnc _2rdacarrier |
||
| 380 | _aKsiążki | ||
| 380 | _aPublikacje dydaktyczne | ||
| 388 | _a1901-2000 | ||
| 388 | _a1945-1989 | ||
| 490 | 1 | _aWydawnictwa Politechniki Warszawskiej | |
| 504 | _aBibliografia na stronach 144-145. | ||
| 650 | 7 |
_aPomiary _2DBN |
|
| 650 | 7 |
_aPrzetworniki _2DBN |
|
| 650 | 7 |
_aPrzyrządy pomiarowe _2DBN |
|
| 655 | 7 |
_aPodręcznik _2DBN |
|
| 658 | _aInżynieria i technika | ||
| 710 | 2 |
_aOficyna Wydawnicza Politechniki Warszawskiej _4pbl |
|
| 830 | 0 | _aWydawnictwa Politechniki Warszawskiej | |
| 856 |
_uhttp://koha.tu.koszalin.pl/cgi-bin/koha/opac-detail.pl?biblionumber=15412 _yKatalog online BPK |
||
| 942 |
_2UKD _cKS |
||
| 999 |
_c15412 _d15412 |
||